000 00309nam a2200133Ia 4500
005 20251222155125.0
008 251222s9999||||xx |||||||||||||| ||spa||
082 _aPED. 26.3
100 _aANALES Nestlé.
245 0 _aInsuficiencia Renal Crónica
250 _a1ra. ed.
264 _bNestle
942 _cLIB
999 _c38605
_d38605